Country Music 2011-2012 - Statistics

General Stats
  • This quiz has been taken 2,506 times
  • The average score is 15 of 30
Answer Stats
Hint Answer % Correct
Dirt Road Anthem Jason Aldean
85%
Mean Taylor Swift
79%
Springsteen Eric Church
76%
Red Solo Cup Toby Keith
74%
Drunk On You Luke Bryan
71%
Good Girl Carrie Underwood
70%
If I Die Young The Band Perry
69%
Even If It Breaks Your Heart Eli Young Band
61%
Crazy Girl Eli Young Band
61%
Wanted Hunter Hayes
61%
You and Tequila Kenny Chesney
60%
Knee Deep Zac Brown Band and Jimmy Buffet
60%
Long Hot Summer Keith Urban
55%
Drink on It Blake Shelton
52%
Dancin Away With My Heart Lady Antebellum
50%
Somethin Bout A Truck Kip Moore
48%
Over You Miranda Lambert
48%
Alright Darius Rucker
44%
Your Man Josh Turner
43%
Alone With You Jake Owen
41%
Better Than I Used To Be Tim McGraw
41%
You Don't Know Her Like I do Brantley Gilbert
40%
Woman Like You Lee Brice
40%
Bait A Hook Justin Moore
35%
Where I Come From Montgomery Gentry
28%
Baby Girl Sugarland
26%
Love's Gonna Make It Alrgiht George Strait
25%
(Kissed You) Goodnight Gloriana
25%
Georgia Peaches Lauren Alaina
17%
Wanna Make You Love Me Andy Gibson
4%
No matching quizzes found
Score Distribution
Percent of People with Each Score
Percentile by Number Answered
Your Score History
You have not taken this quiz